Trích xuất tự động gan từ ảnh MR ổ bụng 3 chiều : Báo cáo tổng kết đề tài nghiên cứu Khoa học cấp trường

Đã lưu trong:
書目詳細資料
主要作者: Lê, Trọng Ngọc
格式: Đề tài khoa học
語言:Undetermined
出版: Trường Đại học Công nghiệp Tp. Hồ Chí Minh 2017
主題:
標簽: 添加標簽
沒有標簽, 成為第一個標記此記錄!
Thư viện lưu trữ: Trung tâm Thư viện - Trường Đại học Công nghiệp TP. Hồ Chí Minh
LEADER 00707nam a2200157Ia 4500
001 UIH_00657
008 230809s9999 xx 000 0 und d
082 |a 6.3 
100 |a Lê, Trọng Ngọc 
245 0 |a Trích xuất tự động gan từ ảnh MR ổ bụng 3 chiều : Báo cáo tổng kết đề tài nghiên cứu Khoa học cấp trường 
245 0 |c Lê, Trọng Ngọc 
260 |b Trường Đại học Công nghiệp Tp. Hồ Chí Minh 
260 |c 2017 
650 |a Khoa học máy tính;Trí tuệ nhân tạo; 
927 |a Đề tài khoa học 
980 |a Trung tâm Thư viện - Trường Đại học Công nghiệp TP. Hồ Chí Minh